LIBRARY & INFORMATION CENTRE, KCAET, TAVANUR

ONLINE PUBLIC ACCESS CATALOGUE (OPAC)

Modelling the impact of conservation structures and climate change of water yield in a watershed (Record no. 16392)

MARC details
000 -LEADER
fixed length control field 00504nam a22001457a 4500
003 - CONTROL NUMBER IDENTIFIER
control field OSt
082 ## - DEWEY DECIMAL CLASSIFICATION NUMBER
Classification number 631.587
Item number FOU/M
088 ## - REPORT NUMBER
Report number T 492
100 ## - MAIN ENTRY--AUTHOR NAME
Personal name Fousiya
245 ## - TITLE STATEMENT
Title Modelling the impact of conservation structures and climate change of water yield in a watershed
260 ## - PUBLICATION, DISTRIBUTION, ETC. (IMPRINT)
Place of publication Tavanur
Name of publisher Dept. of Irrigation and Drainage Engineering
Year of publication 2020
700 ## - ADDED ENTRY--PERSONAL NAME
Personal name Anu Varghese (guide)
856 ## - ELECTRONIC LOCATION AND ACCESS
Uniform Resource Identifier https://drive.google.com/file/d/1aBdOjY0AsjGYAD4NsutHZk-Ld5G8cWkr/view?usp=sharing
942 ## - ADDED ENTRY ELEMENTS (KOHA)
Koha item type Theses
Holdings
Collection code Home library Current library Shelving location Full call number Accession Number Koha item type Public note
Reference KAUAET KAUAET Reference 631.587 FOU/M T 492 Theses M.Tech Thesis
free website counter